[Event "43. Torneo de La Roda 2016"]
[Site "La Roda ESP"]
[Date "2016.03.25"]
[Round "5.17"]
[White "Santos Ruiz, Miguel"]
[Black "Plazuelo Pascual, Juan"]
[Result "1/2-1/2"]
[WhiteElo "2416"]
[BlackElo "2249"]
[PlyCount "54"]
[EventDate "2016.03.23"]
[EventType "swiss"]
[EventRounds "9"]
[EventCountry "ESP"]
[Source "lmi"]
[SourceDate "2016.03.23"]

1. e4 e6 2. d4 d5 3. Nd2 Be7 4. e5 c5 5. c3 Nc6 6. Bd3 Bd7 7. Ne2 f6 8. f4 c4
9. exf6 Nxf6 10. Bc2 b5 11. Nf3 O-O 12. O-O g6 13. Ng3 Ne8 14. Ng5 Ng7 15. Qe2
Qc7 16. h4 Rae8 17. Bd2 Bxg5 18. hxg5 Qb6 19. Rf2 b4 20. Nf1 Nf5 21. Nh2 Ncxd4
22. cxd4 Nxd4 23. Qd1 Nxc2 24. Qxc2 e5 25. Re1 Qc5 26. Nf3 exf4 27. Rxe8 Bxe8
1/2-1/2

[Event "43. Torneo de La Roda 2016"]
[Site "La Roda ESP"]
[Date "2016.03.25"]
[Round "5.18"]
[White "Bernal Moro, Luis Javier"]
[Black "Garcia Trobat, Francisco"]
[Result "1-0"]
[WhiteElo "2412"]
[BlackElo "2232"]
[PlyCount "99"]
[EventDate "2016.03.23"]
[EventType "swiss"]
[EventRounds "9"]
[EventCountry "ESP"]
[Source "lmi"]
[SourceDate "2016.03.23"]

1. c4 Nf6 2. Nc3 c5 3. Nf3 Nc6 4. d4 cxd4 5. Nxd4 e6 6. a3 d5 7. cxd5 exd5 8.
Bg5 Bc5 9. e3 h6 10. Bh4 O-O 11. Nxc6 bxc6 12. Be2 Rb8 13. O-O Be7 14. Na4 Ne4
15. Bxe7 Qxe7 16. Rc1 Bd7 17. Bd3 f5 18. Qc2 Rf6 19. Rfe1 Rbf8 20. f3 Nd6 21.
Nc5 Be8 22. Qc3 Rg6 23. Qd4 Qg5 24. Rc2 Rgf6 25. b4 Kh8 26. a4 R8f7 27. Ree2
Re7 28. Nb3 Rfe6 29. f4 Qh5 30. Nc5 Rxe3 31. Rxe3 Qd1+ 32. Kf2 Ne4+ 33. Nxe4
fxe4 34. Rce2 Bh5 35. Rxe4 dxe4 36. Rxe4 Qd2+ 37. Kg3 Rxe4 38. Qxe4 Kg8 39.
Qh7+ Kf7 40. Qf5+ Ke7 41. Qe5+ Kd7 42. Qxg7+ Ke8 43. Qe5+ Kf8 44. Qd6+ Kg7 45.
Qe5+ Kf8 46. Qb8+ Be8 47. Qd6+ Kg7 48. h3 c5 49. bxc5 Bxa4 50. Qe7+ 1-0

[Event "43. Torneo de La Roda 2016"]
[Site "La Roda ESP"]
[Date "2016.03.25"]
[Round "5.19"]
[White "Sousa, Andre Ventura"]
[Black "Garcia-Castany Musellas, Gal.L"]
[Result "1-0"]
[WhiteElo "2408"]
[BlackElo "2220"]
[PlyCount "59"]
[EventDate "2016.03.23"]
[EventType "swiss"]
[EventRounds "9"]
[EventCountry "ESP"]
[Source "lmi"]
[SourceDate "2016.03.23"]

1. e4 c6 2. d4 d5 3. e5 Bf5 4. Ne2 e6 5. Ng3 Bg6 6. h4 h6 7. h5 Bh7 8. Bd3 Bxd3
9. cxd3 Qb6 10. Be3 Nd7 11. Nd2 c5 12. dxc5 Bxc5 13. Bxc5 Nxc5 14. O-O Ne7 15.
d4 Nd3 16. Nb3 Qa6 17. Qd2 Nc6 18. Rfd1 Ndb4 19. a3 Qc4 20. Nc5 b6 21. Nb7 Qxd4
22. Qxd4 Nxd4 23. Nd6+ Ke7 24. axb4 Nc6 25. f4 Nxb4 26. Rdc1 Rhd8 27. Ne2 Nd3
28. Rc7+ Rd7 29. Nc8+ Kd8 30. Rxd7+ 1-0

[Event "43. Torneo de La Roda 2016"]
[Site "La Roda ESP"]
[Date "2016.03.25"]
[Round "5.21"]
[White "Sanchez Dengra, Jose Maria"]
[Black "Suarez Gomez, Julio"]
[Result "0-1"]
[WhiteElo "2169"]
[BlackElo "2406"]
[PlyCount "46"]
[EventDate "2016.03.23"]
[EventType "swiss"]
[EventRounds "9"]
[EventCountry "ESP"]
[Source "lmi"]
[SourceDate "2016.03.23"]

1. e4 e6 2. d4 d5 3. Nd2 c5 4. Ngf3 Nf6 5. e5 Nfd7 6. c3 Nc6 7. Bd3 h6 8. O-O
g5 9. dxc5 Bxc5 10. Nb3 Bf8 11. Nbd4 Bg7 12. Re1 Ncxe5 13. Nxe5 Nxe5 14. Bb5+
Bd7 15. Qh5 O-O 16. h4 Bxb5 17. hxg5 Nd3 18. gxh6 Bxd4 19. Qg4+ Kh7 20. Qxd4
Rg8 21. Re3 e5 22. Rxe5 Nxe5 23. Qxe5 Bd3 0-1

[Event "43. Torneo de La Roda 2016"]
[Site "La Roda ESP"]
[Date "2016.03.26"]
[Round "6.1"]
[White "Granda Zuniga, Julio E"]
[Black "Greenfeld, Alon"]
[Result "1/2-1/2"]
[WhiteElo "2688"]
[BlackElo "2537"]
[PlyCount "41"]
[EventDate "2016.03.23"]
[EventType "swiss"]
[EventRounds "9"]
[EventCountry "ESP"]
[Source "lmi"]
[SourceDate "2016.03.23"]

1. g3 d5 2. Bg2 g6 3. d3 Bg7 4. Nd2 Nf6 5. e4 O-O 6. Ngf3 c5 7. O-O Nc6 8. Re1
e5 9. exd5 Nxd5 10. Nc4 f6 11. Be3 Nxe3 12. Rxe3 Be6 13. Nfd2 Qd7 14. a4 Rad8
15. Re1 b6 16. Nb3 Nb4 17. Qe2 Bg4 18. Qd2 Be6 19. Qe2 Bg4 20. Qd2 Be6 21. Qe2
1/2-1/2

[Event "43. Torneo de La Roda 2016"]
[Site "La Roda ESP"]
[Date "2016.03.26"]
[Round "6.2"]
[White "Sedlak, Nikola"]
[Black "Baklan, Vladimir"]
[Result "1/2-1/2"]
[WhiteElo "2547"]
[BlackElo "2617"]
[PlyCount "120"]
[EventDate "2016.03.23"]
[EventType "swiss"]
[EventRounds "9"]
[EventCountry "ESP"]
[Source "lmi"]
[SourceDate "2016.03.23"]

1. e4 c5 2. Nc3 d6 3. f4 g6 4. Nf3 Bg7 5. Bb5+ Bd7 6. a4 Nc6 7. O-O a6 8. Bxc6
Bxc6 9. d3 Nf6 10. Qe1 Qd7 11. a5 O-O 12. h3 Ne8 13. f5 e6 14. fxe6 fxe6 15.
Qh4 Nc7 16. Bh6 Bxh6 17. Qxh6 Qg7 18. Qd2 e5 19. Ne2 Ne6 20. b4 d5 21. exd5
Bxd5 22. Nh2 cxb4 23. Qxb4 Nd4 24. Nxd4 exd4 25. Qc5 Rad8 26. Rae1 h5 27. Nf3
Bxf3 28. Re7 Qh6 29. Rxf3 Rxf3 30. gxf3 Qf4 31. Qc7 Qxc7 32. Rxc7 Rd5 33. Rxb7
Rxa5 34. Rc7 Rf5 35. Kf2 g5 36. Rc4 Rd5 37. Kg3 Kf7 38. f4 a5 39. fxg5 Rxg5+
40. Kf3 h4 41. Rxd4 Rg3+ 42. Ke4 Rxh3 43. Ra4 Rh2 44. c4 Re2+ 45. Kd4 h3 46.
Rxa5 Kg6 47. Ra8 Kg7 48. Ra1 h2 49. c5 Rg2 50. Rh1 Kf6 51. Kd5 Ke7 52. Kc6 Kd8
53. d4 Rg6+ 54. Kb7 Rg2 55. d5 Kd7 56. c6+ Kd6 57. c7 Rb2+ 58. Kc8 Rc2 59. Kd8
Rxc7 60. Rxh2 Rg7 1/2-1/2

[Event "43. Torneo de La Roda 2016"]
[Site "La Roda ESP"]
[Date "2016.03.26"]
[Round "6.3"]
[White "Perez Candelario, Manuel"]
[Black "Forcen Esteban, Daniel"]
[Result "1-0"]
[WhiteElo "2562"]
[BlackElo "2549"]
[PlyCount "85"]
[EventDate "2016.03.23"]
[EventType "swiss"]
[EventRounds "9"]
[EventCountry "ESP"]
[Source "lmi"]
[SourceDate "2016.03.23"]

1. e4 c6 2. d4 d5 3. e5 Bf5 4. h4 h6 5. g4 Bd7 6. Nc3 c5 7. dxc5 e6 8. Be3 Qc7
9. Qd2 Bxc5 10. O-O-O Bxe3 11. Qxe3 h5 12. Qg5 g6 13. f4 Qd8 14. Nf3 Na6 15.
gxh5 Rxh5 16. Qg3 Ne7 17. Nd4 Qb6 18. Be2 Rh8 19. Qg5 Nf5 20. Nxf5 gxf5 21. Qf6
Rf8 22. Rhg1 Qd8 23. Qh6 Qb6 24. Qf6 Qd8 25. Rg7 Qxf6 26. exf6 O-O-O 27. h5 Rh8
28. Rxf7 Rh6 29. Rg1 d4 30. Nb5 Bxb5 31. Bxb5 Nc7 32. Bc4 Rxh5 33. Rgg7 Rh1+
34. Kd2 Rh2+ 35. Ke1 Nd5 36. Bxd5 exd5 37. Rc7+ Kb8 38. Rxb7+ Ka8 39. Rxa7+ Kb8
40. Rgb7+ Kc8 41. Ra8+ Kxb7 42. Rxd8 Rh7 43. Rxd5 1-0

[Event "43. Torneo de La Roda 2016"]
[Site "La Roda ESP"]
[Date "2016.03.26"]
[Round "6.4"]
[White "Alvarez Pedraza, Aramis"]
[Black "Ibarra Jerez, Jose Carlos"]
[Result "1/2-1/2"]
[WhiteElo "2440"]
[BlackElo "2561"]
[PlyCount "30"]
[EventDate "2016.03.23"]
[EventType "swiss"]
[EventRounds "9"]
[EventCountry "ESP"]
[Source "lmi"]
[SourceDate "2016.03.23"]

1. d4 d5 2. c4 e6 3. Nc3 c6 4. Nf3 dxc4 5. g3 b5 6. Bg2 Bb7 7. O-O Nd7 8. e4
Ngf6 9. e5 Nd5 10. Ng5 h6 11. Qh5 g6 12. Qh3 Be7 13. Nge4 Kf8 14. Qg4 Qb6 15.
Be3 Rd8 1/2-1/2

[Event "43. Torneo de La Roda 2016"]
[Site "La Roda ESP"]
[Date "2016.03.26"]
[Round "6.5"]
[White "Grigoryan, Karen H"]
[Black "Sousa, Andre Ventura"]
[Result "1-0"]
[WhiteElo "2612"]
[BlackElo "2408"]
[PlyCount "89"]
[EventDate "2016.03.23"]
[EventType "swiss"]
[EventRounds "9"]
[EventCountry "ESP"]
[Source "lmi"]
[SourceDate "2016.03.23"]

1. e4 c5 2. Nf3 Nc6 3. d4 cxd4 4. Nxd4 g6 5. c4 Bg7 6. Be3 Nf6 7. Nc3 Ng4 8.
Qxg4 Nxd4 9. Qd1 Ne6 10. Qd2 Qa5 11. Rc1 b6 12. Be2 Bb7 13. f3 Rd8 14. O-O g5
15. a3 Qe5 16. b4 Rg8 17. Nd5 Qb2 18. Rc2 Qxa3 19. Ra2 Qb3 20. Rxa7 Bxd5 21.
cxd5 Nf4 22. Bb5 Bc3 23. Qa2 Qxa2 24. Rxa2 Bxb4 25. g3 Rg6 26. Rc1 Kf8 27. Ra7
e6 28. Kh1 Nh5 29. Rxd7 Rxd7 30. Bxd7 exd5 31. Bf5 Rh6 32. Rc8+ Kg7 33. Bd4+ f6
34. Be6 Bf8 35. Rc7+ Kh8 36. Rc8 Kg7 37. Kg2 dxe4 38. fxe4 Rg6 39. Bg4 Rh6 40.
Rc7+ Kh8 41. Bxb6 Kg8 42. Be6+ Kh8 43. Rc8 Kg7 44. Bc5 Bxc5 45. Rg8# 1-0

[Event "43. Torneo de La Roda 2016"]
[Site "La Roda ESP"]
[Date "2016.03.26"]
[Round "6.6"]
[White "Suarez Gomez, Julio"]
[Black "Bachmann, Axel"]
[Result "0-1"]
[WhiteElo "2406"]
[BlackElo "2609"]
[PlyCount "98"]
[EventDate "2016.03.23"]
[EventType "swiss"]
[EventRounds "9"]
[EventCountry "ESP"]
[Source "lmi"]
[SourceDate "2016.03.23"]

1. e4 g6 2. d4 Bg7 3. Nf3 d6 4. Bc4 Nc6 5. c3 Nf6 6. Qe2 Bg4 7. h3 Bxf3 8. Qxf3
e5 9. d5 Ne7 10. Bd3 Nd7 11. c4 f5 12. Nc3 O-O 13. Qe2 a5 14. g4 Nc5 15. Bc2 f4
16. f3 Nc8 17. b3 Bf6 18. Bd2 Bh4+ 19. Kf1 h5 20. a3 Bg3 21. Qg2 a4 22. b4 Nb3
23. Rd1 Qh4 24. Ne2 Nb6 25. Bd3 c6 26. dxc6 bxc6 27. Qg1 c5 28. Kg2 Qe7 29. b5
Qf7 30. Qf1 Nxc4 31. Bxc4 Qxc4 32. Nxg3 Qc2 33. gxh5 fxg3 34. Qe1 Rf6 35. Qe3
Raf8 36. Rhf1 Nd4 37. hxg6 Rxf3 38. Qh6 Rf2+ 39. Rxf2 Rxf2+ 40. Kxg3 Qd3+ 41.
Be3 Rf3+ 42. Kh2 Qe2+ 43. Kh1 Qxd1+ 44. Bg1 Ne6 45. Qh7+ Kf8 46. Qh8+ Ke7 47.
g7 Rg3 48. Qh4+ Rg5 49. g8=N+ Kd8 0-1

[Event "43. Torneo de La Roda 2016"]
[Site "La Roda ESP"]
[Date "2016.03.26"]
[Round "6.7"]
[White "Sos Andreu, Eric"]
[Black "Lopez Martinez, Josep Manuel"]
[Result "0-1"]
[WhiteElo "2370"]
[BlackElo "2549"]
[PlyCount "70"]
[EventDate "2016.03.23"]
[EventType "swiss"]
[EventRounds "9"]
[EventCountry "ESP"]
[Source "lmi"]
[SourceDate "2016.03.23"]

1. d4 e6 2. c4 Bb4+ 3. Bd2 a5 4. g3 d5 5. Qc2 dxc4 6. Nf3 b5 7. a4 c6 8. Bg2
Bb7 9. Nc3 Nf6 10. O-O Qb6 11. e4 Nbd7 12. Rfe1 Be7 13. d5 cxd5 14. exd5 Nxd5
15. Nxb5 Rc8 16. Ng5 N7f6 17. Bc3 Nb4 18. Qd1 Bxg2 19. Bxf6 gxf6 20. Nxf7 Kxf7
21. Qh5+ Kf8 22. Kxg2 h6 23. Re4 Nd3 24. Nd4 e5 25. Qf5 Rb8 26. Ne2 Qxb2 27.
Rf1 h5 28. h4 Qb7 29. Kh2 Qc8 30. Qg6 Rb2 31. f4 exf4 32. Rxe7 Kxe7 33. Qg7+
Ke6 34. Rf2 fxg3+ 35. Qxg3 Nxf2 0-1

[Event "43. Torneo de La Roda 2016"]
[Site "La Roda ESP"]
[Date "2016.03.26"]
[Round "6.8"]
[White "Popovic, Dusan"]
[Black "Lopez Rivera, Jesus"]
[Result "1-0"]
[WhiteElo "2536"]
[BlackElo "2337"]
[PlyCount "111"]
[EventDate "2016.03.23"]
[EventType "swiss"]
[EventRounds "9"]
[EventCountry "ESP"]
[Source "lmi"]
[SourceDate "2016.03.23"]

1. e4 c5 2. Nc3 d6 3. f4 g6 4. Nf3 Bg7 5. Bb5+ Bd7 6. Bc4 Nc6 7. O-O Na5 8. Be2
Nf6 9. d3 Nc6 10. Qe1 O-O 11. Qh4 Nd4 12. Bd1 Rc8 13. f5 gxf5 14. Bh6 Bxh6 15.
Qxh6 Nxf3+ 16. Bxf3 Kh8 17. exf5 Bc6 18. Rae1 d5 19. Ne2 Qd6 20. Nf4 Rg8 21.
Rf2 d4 22. Bxc6 Rxc6 23. Rfe2 Rc7 24. h3 Rd7 25. Re5 Rc7 26. Nd5 Qc6 27. Nf4
Qd6 28. b3 Rg7 29. R1e2 Rd7 30. a4 a5 31. Kh1 Rg8 32. Qh4 b6 33. Kg1 Kg7 34.
Qg5+ Kh8 35. Qh6 Rc7 36. Nd5 Nxd5 37. Qxd6 exd6 38. Rxd5 Rd7 39. f6 h6 40. h4
Kh7 41. h5 Rgd8 42. Re4 Kg8 43. Rg4+ Kf8 44. Rg7 Re8 45. Rh7 Kg8 46. Rxh6 Re5
47. Rxe5 dxe5 48. g4 Rd5 49. Kf2 e4 50. dxe4 d3 51. cxd3 Rxd3 52. g5 Rd6 53. e5
Rd5 54. g6 fxg6 55. hxg6 Rxe5 56. f7+ 1-0

[Event "43. Torneo de La Roda 2016"]
[Site "La Roda ESP"]
[Date "2016.03.26"]
[Round "6.9"]
[White "Cifuentes Parada, Roberto"]
[Black "Lopez Mulet, Inigo"]
[Result "1-0"]
[WhiteElo "2469"]
[BlackElo "2336"]
[PlyCount "69"]
[EventDate "2016.03.23"]
[EventType "swiss"]
[EventRounds "9"]
[EventCountry "ESP"]
[Source "lmi"]
[SourceDate "2016.03.23"]

1. d4 Nf6 2. Nf3 d5 3. e3 e6 4. Bd3 b6 5. O-O Bb7 6. c4 Nbd7 7. Nc3 Bd6 8. Qe2
O-O 9. Rd1 Ne4 10. cxd5 exd5 11. Ba6 Qc8 12. Bxb7 Qxb7 13. Bd2 f5 14. Rac1 c6
15. Be1 Rae8 16. Qc2 Rf6 17. Ne2 Bb8 18. Qb3 g5 19. Ng3 Kh8 20. Rc2 Ref8 21.
Rdc1 Rh6 22. Qa3 Rff6 23. Ne5 Bd6 24. Bb4 c5 25. Nxd7 cxb4 26. Qa4 b5 27. Rc8+
Kg7 28. Qa5 Rf7 29. Ne5 Bxe5 30. dxe5 Qb6 31. Qxb4 Nxf2 32. Nxf5+ Kg6 33. R1c6+
Kxf5 34. Rxb6 Rxb6 35. Kxf2 1-0

[Event "43. Torneo de La Roda 2016"]
[Site "La Roda ESP"]
[Date "2016.03.26"]
[Round "6.10"]
[White "Campora, Daniel H"]
[Black "Montoliu Cervero, Francisco"]
[Result "0-1"]
[WhiteElo "2449"]
[BlackElo "2331"]
[PlyCount "98"]
[EventDate "2016.03.23"]
[EventType "swiss"]
[EventRounds "9"]
[EventCountry "ESP"]
[Source "lmi"]
[SourceDate "2016.03.23"]

1. d4 d5 2. c4 dxc4 3. Nc3 a6 4. e3 b5 5. a4 b4 6. Na2 a5 7. Bxc4 Bb7 8. Nf3
Nf6 9. O-O e6 10. Bd2 Nbd7 11. Nc1 c5 12. Nb3 Be7 13. dxc5 O-O 14. Qe2 Nxc5 15.
Nxc5 Bxc5 16. Rfd1 Qb6 17. Be1 Rfd8 18. Rxd8+ Rxd8 19. Rd1 Rc8 20. Bb5 Bd6 21.
Nd4 Qc7 22. h3 Qb6 23. f3 Bb8 24. Kf1 Nh5 25. g4 Ng3+ 26. Bxg3 Bxg3 27. f4 h5
28. gxh5 Bh4 29. Nf3 Bf6 30. e4 Qc5 31. e5 Be7 32. Ba6 Bxa6 33. Qxa6 Qc2 34.
Rd2 Qc1+ 35. Ke2 Rc4 36. Qa8+ Kh7 37. Nd4 Bc5 38. Qe4+ Kg8 39. Qa8+ Kh7 40. Nb3
Qg1 41. Nxc5 Qxc5 42. Qf3 Rc1 43. Qe4+ g6 44. hxg6+ fxg6 45. f5 Rc4 46. fxg6+
Kh6 47. Qe3+ Kxg6 48. Qd3+ Kh6 49. Kf3 Rh4 0-1

[Event "43. Torneo de La Roda 2016"]
[Site "La Roda ESP"]
[Date "2016.03.26"]
[Round "6.11"]
[White "Silva, Luis Neves Da"]
[Black "Perez Mitjans, Orelvis"]
[Result "0-1"]
[WhiteElo "2319"]
[BlackElo "2442"]
[PlyCount "64"]
[EventDate "2016.03.23"]
[EventType "swiss"]
[EventRounds "9"]
[EventCountry "ESP"]
[Source "lmi"]
[SourceDate "2016.03.23"]

1. e4 e6 2. d4 d5 3. Nc3 Bb4 4. e5 Ne7 5. a3 Bxc3+ 6. bxc3 c5 7. Qg4 Qc7 8. Bd3
c4 9. Be2 O-O 10. Nf3 Qa5 11. Bd2 Nbc6 12. Ng5 f6 13. Nxe6 Ng6 14. Qh3 fxe5 15.
Bg4 Re8 16. O-O Nxd4 17. cxd4 Qxd2 18. Nc7 Nf4 19. Qe3 Qxe3 20. fxe3 Bxg4 21.
exf4 exd4 22. Nxa8 Rxa8 23. f5 d3 24. Rf4 Be2 25. Kf2 Re8 26. cxd3 Bxd3 27. Re1
Be4 28. g4 b5 29. g5 a5 30. f6 Kf7 31. Kg3 c3 32. fxg7+ Kxg7 0-1

[Event "43. Torneo de La Roda 2016"]
[Site "La Roda ESP"]
[Date "2016.03.26"]
[Round "6.12"]
[White "Martinez Lopez, David"]
[Black "Plaskett, H James"]
[Result "1/2-1/2"]
[WhiteElo "2316"]
[BlackElo "2438"]
[PlyCount "77"]
[EventDate "2016.03.23"]
[EventType "swiss"]
[EventRounds "9"]
[EventCountry "ESP"]
[Source "lmi"]
[SourceDate "2016.03.23"]

1. d4 Nf6 2. c4 e6 3. Nc3 Bb4 4. f3 Nc6 5. a3 Bxc3+ 6. bxc3 b6 7. e4 Ba6 8. Bg5
h6 9. Bh4 g5 10. Bf2 Qe7 11. Qa4 Na5 12. c5 Bxf1 13. Kxf1 Kf8 14. Ne2 Nc6 15.
cxb6 cxb6 16. Rd1 Kg7 17. d5 Ne5 18. d6 Qd8 19. Ng3 h5 20. Qb5 Ng6 21. Qxg5 h4
22. Ne2 Rh5 23. Qd2 Qc8 24. Bd4 e5 25. Be3 Qc6 26. Kf2 Re8 27. Qd3 Re6 28. Qa6
Ne8 29. Qxa7 Nxd6 30. Qxb6 Nxe4+ 31. Ke1 Nf4 32. Nxf4 exf4 33. Qxc6 dxc6 34.
Bd4+ Nf6+ 35. Kf2 Ra5 36. Ra1 c5 37. Bxf6+ Kxf6 38. Rhe1 Ra4 39. Re2 1/2-1/2

[Event "43. Torneo de La Roda 2016"]
[Site "La Roda ESP"]
[Date "2016.03.26"]
[Round "6.13"]
[White "Stella, Andrea"]
[Black "Jordan Martinez, David"]
[Result "1/2-1/2"]
[WhiteElo "2419"]
[BlackElo "2114"]
[PlyCount "77"]
[EventDate "2016.03.23"]
[EventType "swiss"]
[EventRounds "9"]
[EventCountry "ESP"]
[Source "lmi"]
[SourceDate "2016.03.23"]

1. Nf3 Nf6 2. c4 e6 3. g3 d5 4. Bg2 Be7 5. O-O O-O 6. b3 b6 7. Bb2 Bb7 8. e3 c5
9. Nc3 Nbd7 10. d3 Qc7 11. Nh4 dxc4 12. bxc4 Bxg2 13. Nxg2 Rfd8 14. f4 Nb8 15.
f5 Nc6 16. fxe6 fxe6 17. Nf4 Qd7 18. Qe2 Rf8 19. Rad1 Rad8 20. Ne4 Rde8 21. Nh5
Nxh5 22. Qxh5 Rf5 23. Qg4 Ne5 24. Bxe5 Rxe5 25. Rf2 Rf5 26. Qe2 Ref8 27. Rdf1
Rxf2 28. Rxf2 Rxf2 29. Kxf2 a6 30. Kg2 h6 31. h4 b5 32. h5 b4 33. Qc2 a5 34.
Nd2 a4 35. Nf3 Bf6 36. d4 cxd4 37. exd4 Bxd4 38. Nxd4 Qxd4 39. Qxa4 1/2-1/2

[Event "43. Torneo de La Roda 2016"]
[Site "La Roda ESP"]
[Date "2016.03.26"]
[Round "6.14"]
[White "Bernal Moro, Luis Javier"]
[Black "Fernandez Lledo, Javier"]
[Result "1-0"]
[WhiteElo "2412"]
[BlackElo "2250"]
[PlyCount "59"]
[EventDate "2016.03.23"]
[EventType "swiss"]
[EventRounds "9"]
[EventCountry "ESP"]
[Source "lmi"]
[SourceDate "2016.03.23"]

1. c4 Nf6 2. Nc3 g6 3. e4 d6 4. d4 Bg7 5. f4 O-O 6. Nf3 a6 7. Be2 c6 8. a4 Bg4
9. Be3 a5 10. O-O Nfd7 11. Qd2 Bxf3 12. Bxf3 e5 13. Rad1 exf4 14. Bxf4 c5 15.
dxc5 dxc5 16. e5 Qh4 17. g3 Qh3 18. Bxb7 Ra7 19. Bg2 Qh5 20. e6 fxe6 21. Nb5
Ra6 22. Bxb8 Nxb8 23. Rxf8+ Bxf8 24. Qd8 Nc6 25. Bxc6 Rxc6 26. Rf1 Qh6 27. Qd7
Qe3+ 28. Rf2 Qe1+ 29. Kg2 Qe4+ 30. Kh3 1-0

[Event "43. Torneo de La Roda 2016"]
[Site "La Roda ESP"]
[Date "2016.03.26"]
[Round "6.16"]
[White "Nieves Cabanes, Jose Manuel"]
[Black "Matamoros Franco, Carlos S"]
[Result "1/2-1/2"]
[WhiteElo "2288"]
[BlackElo "2523"]
[PlyCount "79"]
[EventDate "2016.03.23"]
[EventType "swiss"]
[EventRounds "9"]
[EventCountry "ESP"]
[Source "lmi"]
[SourceDate "2016.03.23"]

1. d4 e6 2. c4 Bb4+ 3. Bd2 a5 4. Nf3 d6 5. g3 Nc6 6. Bg2 e5 7. d5 Nce7 8. O-O
Nf6 9. Nc3 O-O 10. a3 Bc5 11. e4 c6 12. Qe2 cxd5 13. cxd5 b6 14. a4 Ba6 15. Nb5
Nc8 16. Rab1 Na7 17. b4 axb4 18. Bxb4 Bxb4 19. Rxb4 Nd7 20. Qe3 Nc5 21. Nxa7
Rxa7 22. Rfb1 Bd3 23. R1b2 f5 24. exf5 Bxf5 25. Rxb6 Rxa4 26. h3 h6 27. Rc6 Be4
28. Rbb6 Bxf3 29. Bxf3 Rf6 30. Bg4 Qe7 31. Rb8+ Kh7 32. Rcc8 Ra1+ 33. Kg2 Qf7
34. Rxc5 dxc5 35. Be6 Qc7 36. Rc8 Qd6 37. Bg8+ Kh8 38. Bf7+ Kh7 39. Bg8+ Kh8
40. Bf7+ 1/2-1/2

[Event "43. Torneo de La Roda 2016"]
[Site "La Roda ESP"]
[Date "2016.03.26"]
[Round "6.17"]
[White "Silva Rodriguez, Julio"]
[Black "Santos Ruiz, Miguel"]
[Result "0-1"]
[WhiteElo "2281"]
[BlackElo "2416"]
[PlyCount "60"]
[EventDate "2016.03.23"]
[EventType "swiss"]
[EventRounds "9"]
[EventCountry "ESP"]
[Source "lmi"]
[SourceDate "2016.03.23"]

1. e4 c5 2. Nf3 e6 3. Nc3 Nc6 4. d4 cxd4 5. Nxd4 Qc7 6. Be3 a6 7. Qd2 Be7 8. f4
b5 9. Be2 Bb7 10. Bf3 Na5 11. Qd3 Nc4 12. Bc1 b4 13. Nce2 Nf6 14. b3 Nb6 15. a4
d6 16. Bd2 Nbd7 17. Bxb4 d5 18. exd5 Bxb4+ 19. c3 e5 20. Nf5 Bd6 21. Nxg7+ Kf8
22. Nf5 e4 23. Bxe4 Nc5 24. Qh3 Ncxe4 25. Qh6+ Ke8 26. O-O Bc8 27. Ng7+ Kd8 28.
Nd4 Qxc3 29. Nc6+ Kc7 30. Rad1 Ng4 0-1

[Event "43. Torneo de La Roda 2016"]
[Site "La Roda ESP"]
[Date "2016.03.26"]
[Round "6.18"]
[White "Valmana Canto, Jaime"]
[Black "Plazuelo Pascual, Juan"]
[Result "1/2-1/2"]
[WhiteElo "2405"]
[BlackElo "2249"]
[PlyCount "130"]
[EventDate "2016.03.23"]
[EventType "swiss"]
[EventRounds "9"]
[EventCountry "ESP"]
[Source "lmi"]
[SourceDate "2016.03.23"]

1. e4 e6 2. d4 d5 3. Nc3 Nf6 4. Bg5 Bb4 5. e5 h6 6. Bc1 Ne4 7. Qg4 g6 8. Nge2
Nxc3 9. Nxc3 c5 10. a3 Bxc3+ 11. bxc3 Qa5 12. Bd2 Qa4 13. h4 Qxc2 14. h5 Nc6
15. hxg6 Qxg6 16. Qxg6 fxg6 17. Bd3 Kf7 18. Bxh6 cxd4 19. cxd4 Nxd4 20. O-O-O
Nb3+ 21. Kb1 Nc5 22. Bc2 Nd7 23. Bg5 Rxh1 24. Rxh1 Kg7 25. Rh6 Nf8 26. Rh3 Bd7
27. Bh6+ Kg8 28. Rf3 Rc8 29. Rf6 b5 30. f4 a5 31. Kb2 Rb8 32. Kc3 Rc8+ 33. Kb3
Rb8 34. g4 Rc8 35. Kb2 Rb8 36. Kc3 Rc8+ 37. Kd2 b4 38. axb4 axb4 39. Bb1 Bb5
40. Bxf8 Rxf8 41. Rxg6+ Kf7 42. f5 exf5 43. gxf5 Re8 44. Rf6+ Kg7 45. Rb6 Bf1
46. Rb7+ Kh6 47. e6 Bh3 48. Rf7 Bg4 49. Ke3 Bh5 50. Rd7 Kg5 51. Kd4 Kf4 52.
Kxd5 Bg4 53. Kd6 Bxf5 54. Bxf5 Kxf5 55. Rf7+ Kg6 56. Rf1 Ra8 57. e7 Kg7 58. Kd7
Ra7+ 59. Ke6 Ra6+ 60. Ke5 Ra5+ 61. Kd4 Ra8 62. Ke5 b3 63. Ke6 Ra6+ 64. Kd7 Ra7+
65. Kd6 Ra6+ 1/2-1/2

[Event "43. Torneo de La Roda 2016"]
[Site "La Roda ESP"]
[Date "2016.03.26"]
[Round "6.19"]
[White "Ramiro Ovejero, Juan Luis"]
[Black "Nieves Cabanes, Javier"]
[Result "1-0"]
[WhiteElo "2377"]
[BlackElo "2187"]
[PlyCount "61"]
[EventDate "2016.03.23"]
[EventType "swiss"]
[EventRounds "9"]
[EventCountry "ESP"]
[Source "lmi"]
[SourceDate "2016.03.23"]

1. e4 c5 2. Nf3 g6 3. d4 cxd4 4. Qxd4 Nf6 5. e5 Nc6 6. Qa4 Nd5 7. Qe4 Nb6 8.
Bf4 Bg7 9. Nc3 d5 10. exd6 Bf5 11. Qe3 O-O 12. O-O-O exd6 13. Bh6 Re8 14. Qd2
Bh8 15. Qxd6 Qc8 16. Bb5 a6 17. Bxc6 Nc4 18. Bd7 Bxc3 19. Bxc8 Bxb2+ 20. Kb1
Nxd6 21. Rxd6 Ba3 22. Bxf5 Bxd6 23. Bd3 Bc5 24. Bc4 b5 25. Bb3 Bxf2 26. Rf1 Be3
27. Ng5 Re7 28. Bxf7+ Kh8 29. Bb3 a5 30. Rf7 a4 31. Rxe7 1-0

[Event "43. Torneo de La Roda 2016"]
[Site "La Roda ESP"]
[Date "2016.03.26"]
[Round "6.21"]
[White "Escudero Manzano, Sergio"]
[Black "Quintin Navarro, Alberto"]
[Result "1-0"]
[WhiteElo "2206"]
[BlackElo "2355"]
[PlyCount "75"]
[EventDate "2016.03.23"]
[EventType "swiss"]
[EventRounds "9"]
[EventCountry "ESP"]
[Source "lmi"]
[SourceDate "2016.03.23"]

1. e4 c5 2. Nf3 d6 3. d4 cxd4 4. Nxd4 Nf6 5. Nc3 a6 6. Bc4 e6 7. Bb3 Nbd7 8.
O-O Nc5 9. f4 Be7 10. e5 dxe5 11. fxe5 Nxb3 12. axb3 Bc5 13. Be3 Nd5 14. Bf2
Nxc3 15. bxc3 Qg5 16. Nf3 Bxf2+ 17. Rxf2 Qe7 18. Nd2 O-O 19. Ne4 b6 20. Qh5 h6
21. Raf1 Ra7 22. Rf6 Bb7 23. Nd6 Bc6 24. Rxf7 Rxf7 25. Rxf7 Qxf7 26. Nxf7 Rxf7
27. Qg6 Bd7 28. Qd3 b5 29. b4 Bc6 30. c4 Rd7 31. Qg6 Re7 32. Qg4 Kf7 33. Qf4+
Kg8 34. Qd4 Kf7 35. Qd6 Be4 36. c5 Bxc2 37. Qxa6 Rd7 38. c6 1-0